Κάποτε στη Μαδρίτη
Αποθηκεύτηκε σε:
| Κύριος συγγραφέας: | |
|---|---|
| Μορφή: | Βιβλίο |
| Γλώσσα: | Greek English |
| Δημοσίευση: |
Αθήνα :
Opera,
2000.
|
| Σειρά: | Nigra
|
| Θέματα: | |
| Ετικέτες: |
Προσθήκη ετικέτας
Δεν υπάρχουν, Καταχωρήστε ετικέτα πρώτοι!
|
MARC
| LEADER | 00000nam a2200000 a 4500 | ||
|---|---|---|---|
| 001 | 1/126180 | ||
| 008 | 230221s2000####gr | ||| |||| ||gre|| | ||
| 020 | |a 9607073592 | ||
| 040 | |a GR-MyUa |b gre |c GR-MyUa |e AACR2 | ||
| 041 | 1 | |a gre |h eng | |
| 082 | 7 | |a 863 |2 (23) | |
| 100 | 1 | |a Chavarria, Daniel, |d 1933-2018. | |
| 245 | 1 | 0 | |a Κάποτε στη Μαδρίτη / |c Daniel Chavarria ; μετάφραση Κρίτων Ηλιόπουλος. |
| 260 | |a Αθήνα : |b Opera, |c 2000. | ||
| 300 | |a 231 σ. ; |b 21 εκ. | ||
| 490 | 1 | |a (Nigra) | |
| 500 | |a Τίτλος πρωτοτύπου: Aquel ano en Madrid. | ||
| 650 | 0 | |a Uruguayan fiction. | |
| 830 | 0 | |a Nigra | |
| 852 | |a INST |b SYROS |e 20230216 |h 863 CHA |p 005500015445 |q 005500015445 |t BK |y 0 | ||
| 970 | |a Κοντού |b Παρασκευή |z 21/02/2023 | ||